[Event "2BLS 1920 SC Eppingen - OSG Baden-Baden"]
[Site "?"]
[Date "2021.08.07"]
[Round "9.7"]
[White "Kachiani-Gersinska, Ketino"]
[Black "Beer, Markus"]
[Result "1-0"]
[WhiteElo "2318"]
[BlackElo "2105"]
[PlyCount "95"]
[EventDate "2021.??.??"]

1. Nf3 Nf6 2. g3 d6 3. d4 Nbd7 4. Bg2 e5 5. dxe5 dxe5 6. O-O Be7 7. Nc3 c6 8.
a4 O-O 9. a5 Bb4 10. a6 bxa6 11. Na2 Be7 12. Nh4 Nb8 13. Bd2 Be6 14. Bb4 Nd5
15. Bxe7 Qxe7 16. c4 Nb4 17. Nxb4 Qxb4 18. b3 Rc8 19. Nf3 f6 20. Ne1 a5 21. Nd3
Qb6 22. Qd2 Nd7 23. Qxa5 Qxb3 24. Rfb1 Qxc4 25. Ra4 Qc2 26. Rb2 Qd1+ 27. Bf1 e4
28. Ra1 Qxa1 29. Qxa1 exd3 30. exd3 a5 31. Qa4 Ra6 32. d4 Rb6 33. Bc4 Bxc4 34.
Qxc4+ Kh8 35. Rxb6 Nxb6 36. Qa6 h6 37. Qxb6 a4 38. Qa5 Kh7 39. Kg2 a3 40. Qxa3
Rd8 41. Qc5 Rd5 42. Qb6 Kg6 43. Kf3 Rd6 44. h4 h5 45. Kf4 Kh7 46. Qb1+ Kh6 47.
Qe4 g5+ 48. Ke3 1-0

[Event "2BLS 1920 SC Eppingen - OSG Baden-Baden"]
[Site "?"]
[Date "2021.08.07"]
[Round "9.8"]
[White "Reimold, Jonas"]
[Black "Kaczmarczyk, Dennis"]
[Result "0-1"]
[WhiteElo "2050"]
[BlackElo "2448"]
[PlyCount "82"]
[EventDate "2021.??.??"]

1. e4 e6 2. d4 d5 3. Nd2 c5 4. exd5 Qxd5 5. Ngf3 cxd4 6. Bc4 Qd6 7. O-O Nf6 8.
Nb3 Nc6 9. Nbxd4 Nxd4 10. Qxd4 Qxd4 11. Nxd4 Bd7 12. Re1 Rc8 13. Bb3 Bc5 14. c3
O-O 15. Bg5 Bxd4 16. cxd4 Bc6 17. Rad1 Rfd8 18. Re3 Bd5 19. Rc3 Bxb3 20. Rxb3
Rd7 21. Rc3 Rxc3 22. bxc3 Ne4 23. Bd2 Rc7 24. Kf1 Kf8 25. f3 Nxc3 26. Bxc3 Rxc3
27. Rd2 Ke7 28. Ke2 Kd6 29. Rb2 b6 30. Kd2 Ra3 31. Ke2 Kd5 32. Rd2 g5 33. Kf2
b5 34. Rb2 a6 35. Rd2 f5 36. Ke2 Ra4 37. f4 gxf4 38. Kf3 Rxd4 39. Rc2 e5 40.
Rc8 Rd3+ 41. Ke2 Ra3 0-1

[Event "2BLS 1920 SV 1947 Walldorf - SC Emmendi"]
[Site "?"]
[Date "2021.08.07"]
[Round "9.1"]
[White "Bauer, Christian"]
[Black "Gschnitzer, Adrian"]
[Result "1-0"]
[WhiteElo "2650"]
[BlackElo "2420"]
[PlyCount "93"]
[EventDate "2021.??.??"]

1. c4 c5 2. Nc3 Nf6 3. g3 d5 4. cxd5 Nxd5 5. Bg2 Nc7 6. Qa4+ Bd7 7. Qb3 Nc6 8.
Qxb7 Nd4 9. Qe4 g6 10. Qb1 Bg7 11. e3 Bc6 12. Kf1 Bxg2+ 13. Kxg2 Nf5 14. Nf3
Qd7 15. Qc2 O-O 16. Ne4 Ne6 17. Rb1 Qd5 18. b3 g5 19. h3 h5 20. d3 g4 21. hxg4
hxg4 22. Ne1 Nh6 23. Qc4 Qxc4 24. bxc4 f5 25. Nc3 Bxc3 26. Rxh6 Kf7 27. Rh7+
Kf6 28. Bb2 Bxb2 29. Rxb2 Rab8 30. Re2 Rb1 31. Rh6+ Kf7 32. f3 Rfb8 33. fxg4
R8b2 34. Rxb2 Rxb2+ 35. Kf3 fxg4+ 36. Kxg4 Re2 37. Nf3 Rxe3 38. Rh5 Re2 39.
Rf5+ Kg6 40. Re5 Nd4 41. Rxe2 Nxe2 42. Ne5+ Kg7 43. a4 Nc3 44. a5 Kf6 45. Nd7+
Ke6 46. Nxc5+ Ke5 47. Nb3 1-0

[Event "2BLS 1920 SV 1947 Walldorf - SC Emmendi"]
[Site "?"]
[Date "2021.08.07"]
[Round "9.2"]
[White "Gschnitzer, Oswald"]
[Black "Baklan, Vladimir"]
[Result "0-1"]
[WhiteElo "2373"]
[BlackElo "2584"]
[PlyCount "56"]
[EventDate "2021.??.??"]

1. Nf3 Nf6 2. c4 b6 3. g3 Bb7 4. Bg2 g6 5. O-O Bg7 6. d4 O-O 7. d5 e6 8. Nc3
exd5 9. cxd5 Re8 10. Nd4 Na6 11. Bf4 Nh5 12. Be3 Nf6 13. Bf4 Nc5 14. Ncb5 d6
15. b4 Nce4 16. f3 Nxg3 17. Bxg3 Nxd5 18. Rc1 a6 19. Nc3 Nxc3 20. Rxc3 c5 21.
e3 cxd4 22. exd4 Rc8 23. Rxc8 Qxc8 24. Qd2 Qc4 25. Bf2 Re2 26. Rc1 Rxd2 27.
Rxc4 h5 28. d5 Rd1+ 0-1

[Event "2BLS 1920 SV 1947 Walldorf - SC Emmendi"]
[Site "?"]
[Date "2021.08.07"]
[Round "9.3"]
[White "Hera, Imre Jr"]
[Black "Faerber, David"]
[Result "1/2-1/2"]
[WhiteElo "2601"]
[BlackElo "2319"]
[PlyCount "44"]
[EventDate "2021.??.??"]

1. Nf3 d5 2. g3 Bg4 3. Bg2 Nd7 4. h3 Bh5 5. d4 e6 6. O-O Ngf6 7. c4 c6 8. cxd5
cxd5 9. Nc3 Bd6 10. Qb3 Qb6 11. Qxb6 Nxb6 12. Ne5 Rc8 13. g4 Bg6 14. Bf4 Ke7
15. Nb5 Bb8 16. Rac1 a6 17. Nc3 Nfd7 18. b3 Nxe5 19. dxe5 Nd7 20. Bg5+ f6 21.
exf6+ gxf6 22. Bh6 Bd6 1/2-1/2

[Event "2BLS 1920 SV 1947 Walldorf - SC Emmendi"]
[Site "?"]
[Date "2021.08.07"]
[Round "9.4"]
[White "Adler, Joel"]
[Black "Shevchenko, Kirill"]
[Result "0-1"]
[WhiteElo "2219"]
[BlackElo "2619"]
[PlyCount "66"]
[EventDate "2021.??.??"]

1. d4 Nf6 2. c4 g6 3. Nc3 Bg7 4. e4 d6 5. f3 O-O 6. Be3 a6 7. Qd2 Nc6 8. Nge2
Bd7 9. Nc1 Nh5 10. Nb3 a5 11. d5 Ne5 12. Be2 f5 13. f4 Ng4 14. Bxg4 fxg4 15.
O-O e5 16. dxe6 Bxe6 17. Nd5 g3 18. h3 c6 19. Nb6 Ra6 20. c5 a4 21. Nd4 Bf7 22.
Nf3 a3 23. Rad1 axb2 24. e5 Rxa2 25. Qb4 Nxf4 26. Bxf4 dxc5 27. Qxc5 Qxd1 28.
Rxd1 Ra1 29. Qc2 Ba2 30. Bxg3 Rxd1+ 31. Qxd1 b1=Q 32. Qxb1 Bxb1 33. e6 Re8 0-1

[Event "2BLS 1920 SV 1947 Walldorf - SC Emmendi"]
[Site "?"]
[Date "2021.08.07"]
[Round "9.5"]
[White "Korpa, Bence"]
[Black "Fichter, Fabian"]
[Result "1-0"]
[WhiteElo "2545"]
[BlackElo "2243"]
[PlyCount "57"]
[EventDate "2021.??.??"]

1. d4 d5 2. Bf4 c5 3. e3 Nf6 4. c3 Nc6 5. Nd2 e6 6. Ngf3 Bd6 7. Bg3 O-O 8. Bd3
Qe7 9. Ne5 Nd7 10. Nxd7 Bxd7 11. Bxd6 Qxd6 12. dxc5 Qxc5 13. Bxh7+ Kxh7 14.
Qh5+ Kg8 15. Ne4 Qb5 16. Ng5 Rfd8 17. Qxf7+ Kh8 18. O-O-O Qa4 19. Qh5+ Kg8 20.
Kb1 b5 21. e4 Be8 22. Qh7+ Kf8 23. b3 Qa5 24. Qh8+ Ke7 25. Qxg7+ Kd6 26. exd5
Kc5 27. Nxe6+ Kb6 28. Qc7+ Ka6 29. Nc5# 1-0

[Event "2BLS 1920 SV 1947 Walldorf - SC Emmendi"]
[Site "?"]
[Date "2021.08.07"]
[Round "9.6"]
[White "Hauser, Carlos"]
[Black "Sokolov, Andrei"]
[Result "0-1"]
[WhiteElo "2261"]
[BlackElo "2488"]
[PlyCount "57"]
[EventDate "2021.??.??"]

1. d4 Nf6 2. c4 e6 3. Nc3 Bb4 4. e3 b6 5. Nge2 Ba6 6. Qa4 c5 7. a3 Bxc3+ 8.
Nxc3 O-O 9. dxc5 bxc5 10. Be2 d5 11. O-O Bxc4 12. Bxc4 dxc4 13. Qxc4 Nbd7 14.
Na4 Nb6 15. Nxb6 axb6 16. b3 Qd5 17. Qxd5 Nxd5 18. Bb2 Rfd8 19. Rfd1 f6 20. Kf1
Kf7 21. Ke2 e5 22. Rd2 Ne7 23. Rad1 Rxd2+ 24. Rxd2 Ke6 25. e4 Nc6 26. Kd3 b5
27. Kc2 Nd4+ 28. Kc3 g5 29. Bc1 0-1

[Event "2BLS 1920 SV 1947 Walldorf - SC Emmendi"]
[Site "?"]
[Date "2021.08.07"]
[Round "9.7"]
[White "Miezis, Normunds"]
[Black "Hess, Markus"]
[Result "1-0"]
[WhiteElo "2468"]
[BlackElo "2109"]
[PlyCount "85"]
[EventDate "2021.??.??"]

1. c4 e5 2. Nc3 Nf6 3. g3 d5 4. cxd5 Nxd5 5. Bg2 Nb6 6. Nf3 Nc6 7. Rb1 a5 8.
O-O Be7 9. d3 O-O 10. Be3 Be6 11. Bxb6 cxb6 12. Nd2 Rc8 13. Nc4 Bxc4 14. dxc4
Qxd1 15. Rfxd1 Rfd8 16. Nd5 Bc5 17. a3 Kf8 18. e3 a4 19. Nc3 Ra8 20. Rxd8+ Nxd8
21. Rd1 Ke8 22. Be4 Nc6 23. Bc2 Rd8 24. Nxa4 Rxd1+ 25. Bxd1 Be7 26. Nxb6 Kd8
27. Bf3 Bc5 28. Na4 Ba7 29. b4 Kc7 30. c5 Ne7 31. Nc3 f5 32. e4 g6 33. g4 f4
34. g5 b6 35. Nb5+ Kb8 36. Nxa7 Kxa7 37. cxb6+ Kxb6 38. Be2 Nc6 39. Kg2 Nd4 40.
Bd3 f3+ 41. Kg3 Ne6 42. h4 Nf4 43. Bc4 1-0

[Event "2BLS 1920 SV 1947 Walldorf - SC Emmendi"]
[Site "?"]
[Date "2021.08.07"]
[Round "9.8"]
[White "Muckle, Richard"]
[Black "Bauer, Andreas"]
[Result "1/2-1/2"]
[WhiteElo "2038"]
[BlackElo "2275"]
[PlyCount "30"]
[EventDate "2021.??.??"]

1. d4 f5 2. g3 Nf6 3. Bg2 g6 4. Nf3 Bg7 5. c3 e6 6. Bg5 b6 7. Ne5 c6 8. h4 Bb7
9. h5 d6 10. Qb3 Qe7 11. hxg6 dxe5 12. dxe5 hxg6 13. Rxh8+ Bxh8 14. exf6 Bxf6
15. Bxf6 Qxf6 1/2-1/2

[Event "2BLS 1920 SV 1920 Hofheim - SF Neuberg"]
[Site "?"]
[Date "2021.08.07"]
[Round "9.1"]
[White "Lubbe, Nikolas"]
[Black "Sumets, Andrey"]
[Result "1/2-1/2"]
[WhiteElo "2427"]
[BlackElo "2546"]
[PlyCount "145"]
[EventDate "2021.??.??"]

1. d4 Nf6 2. Nc3 d5 3. Bf4 a6 4. e3 e6 5. g4 Bb4 6. Nge2 O-O 7. a3 Be7 8. Ng3
c5 9. g5 Nfd7 10. Qh5 Nc6 11. O-O-O Qa5 12. dxc5 Nxc5 13. Nb1 Qb6 14. b4 Nd7
15. Rg1 g6 16. Qh6 Rd8 17. c4 Bf8 18. Qh4 Bg7 19. Bd6 Nce5 20. c5 Qc6 21. Be2
b6 22. f4 bxc5 23. fxe5 cxb4+ 24. Kd2 bxa3 25. Qd4 a2 26. Nc3 Nb6 27. Qc5 Qxc5
28. Bxc5 Nd7 29. Be7 Re8 30. Bf6 Rb8 31. Rc1 Nxe5 32. Bxg7 Kxg7 33. Nxa2 Bd7
34. Nc3 a5 35. Rc2 Rb4 36. Ra1 a4 37. Nd1 Reb8 38. Rc7 Rh4 39. Nf1 Bb5 40. Ra7
Bxe2 41. Kxe2 Rbb4 42. Ra2 Rbc4 43. Nf2 Rb4 44. h3 Rh5 45. R7xa4 Rxa4 46. Rxa4
Rxg5 47. Nd2 Rg3 48. e4 dxe4 49. Rxe4 Nc6 50. Nf3 Ne7 51. Rg4 Rxg4 52. hxg4 h6
53. Ne5 Nd5 54. Kf3 f6 55. Nc4 g5 56. Ne4 Kg6 57. Nc5 Nf4 58. Ne4 h5 59. gxh5+
Nxh5 60. Nf2 Nf4 61. Ng4 Nd5 62. Kg3 Ne7 63. Kf3 Nc6 64. Ke3 f5 65. Nge5+ Nxe5
66. Nxe5+ Kh5 67. Kf3 Kh4 68. Kg2 g4 69. Nd3 g3 70. Nf4 Kg4 71. Nxe6 f4 72. Nd4
Kg5 73. Nf3+ 1/2-1/2

[Event "2BLS 1920 SV 1920 Hofheim - SF Neuberg"]
[Site "?"]
[Date "2021.08.07"]
[Round "9.2"]
[White "Womacka, Mathias"]
[Black "Lubbe, Melanie"]
[Result "1/2-1/2"]
[WhiteElo "2425"]
[BlackElo "2281"]
[PlyCount "97"]
[EventDate "2021.??.??"]

1. e4 c5 2. Nf3 e6 3. d4 cxd4 4. Nxd4 Nf6 5. Nc3 Nc6 6. Ndb5 d6 7. Bf4 e5 8.
Bg5 a6 9. Na3 b5 10. Nd5 Be7 11. Bxf6 Bxf6 12. c3 Bg5 13. Nc2 Ne7 14. h4 Bh6
15. Ncb4 O-O 16. a4 bxa4 17. Qxa4 a5 18. Bb5 Nxd5 19. Nxd5 Be6 20. Bc6 Rb8 21.
b4 axb4 22. cxb4 Kh8 23. b5 Bxd5 24. Bxd5 Qb6 25. Rb1 Be3 26. O-O Bc5 27. Qc2
g6 28. h5 Qd8 29. Qd2 gxh5 30. Rb3 Qh4 31. Rh3 Qg4 32. Kh2 Rg8 33. Rg3 Qh4+ 34.
Rh3 Qf6 35. Rf3 Qh4+ 36. Rh3 Qe7 37. Qh6 Rxb5 38. Qxh5 Rg7 39. Qf5 Rb8 40. Ra1
Qg5 41. Qxg5 Rxg5 42. Rf3 Rf8 43. Be6 Kg7 44. Bf5 Rb8 45. g3 Kf8 46. Kg2 Ke7
47. Bxh7 Rh5 48. Bf5 Rbh8 49. Rd1 1/2-1/2

[Event "2BLS 1920 SV 1920 Hofheim - SF Neuberg"]
[Site "?"]
[Date "2021.08.07"]
[Round "9.3"]
[White "Wahedi, Ahmad Siar"]
[Black "Gurevich, Vladimir"]
[Result "1-0"]
[WhiteElo "2273"]
[BlackElo "2473"]
[PlyCount "51"]
[EventDate "2021.??.??"]

1. e4 c5 2. a3 Nc6 3. Nc3 e6 4. Nf3 a6 5. Bc4 Nf6 6. Ba2 Be7 7. O-O O-O 8. Re1
Qc7 9. d3 d6 10. Ng5 b5 11. f4 Bb7 12. Re3 Nd4 13. Rh3 g6 14. Ne2 Rac8 15. Ng3
h5 16. c3 Nc6 17. f5 exf5 18. exf5 c4 19. N5e4 Ne5 20. Nxf6+ Bxf6 21. Nxh5 Bh8
22. d4 Nd3 23. fxg6 Nxc1 24. g7 Nd3 25. gxh8=Q+ Kxh8 26. Qg4 1-0

[Event "2BLS 1920 SV 1920 Hofheim - SF Neuberg"]
[Site "?"]
[Date "2021.08.07"]
[Round "9.4"]
[White "Zude, Arno"]
[Black "Kuenstler, Christian"]
[Result "1-0"]
[WhiteElo "2364"]
[BlackElo "2281"]
[PlyCount "97"]
[EventDate "2021.??.??"]

1. e4 c5 2. Nf3 d6 3. d4 cxd4 4. Nxd4 Nf6 5. Nc3 Nc6 6. Bg5 e6 7. Qd2 a6 8.
O-O-O Bd7 9. f4 b5 10. Bxf6 gxf6 11. g3 Qb6 12. Nf3 O-O-O 13. Kb1 Kb8 14. Bg2
Na5 15. b3 Rc8 16. Ne2 Bc6 17. Nh4 Be7 18. f5 Nb7 19. Nd4 Bd7 20. fxe6 fxe6 21.
Bh3 Nc5 22. Qe3 Qc7 23. Rhf1 Rcg8 24. Qe2 Rg5 25. Ndf3 Rgg8 26. Nd4 Rg5 27.
Nhf3 Rgg8 28. Ne1 Rg5 29. Nd3 Qc8 30. Rfe1 Bd8 31. Qd2 Be7 32. Nf3 Rgg8 33. Re3
Nxd3 34. cxd3 Bd8 35. Rc1 Qb7 36. Ree1 Rg6 37. Qb4 Be7 38. Nd4 Rh6 39. Bxe6
Bxe6 40. Nxe6 Rxh2 41. Qd4 Rc8 42. Rxc8+ Qxc8 43. Rc1 Qxe6 44. Qb6+ Ka8 45. Rc7
Rh1+ 46. Kc2 Rh2+ 47. Kc1 Rh1+ 48. Kd2 Rh2+ 49. Ke3 1-0

[Event "2BLS 1920 SV 1920 Hofheim - SF Neuberg"]
[Site "?"]
[Date "2021.08.07"]
[Round "9.5"]
[White "Schaffer, Hendrik"]
[Black "Weber, Ulrich"]
[Result "0-1"]
[WhiteElo "2267"]
[BlackElo "2365"]
[PlyCount "84"]
[EventDate "2021.??.??"]

1. d4 Nf6 2. c4 g6 3. Nc3 Bg7 4. e4 d6 5. Nf3 O-O 6. Be2 e5 7. O-O Nc6 8. d5
Ne7 9. b4 a5 10. Ba3 Nh5 11. bxa5 Nf4 12. c5 Bg4 13. h3 Bh5 14. Nd2 dxc5 15.
Bxh5 gxh5 16. g3 Nfg6 17. Qxh5 f5 18. Bxc5 Rxa5 19. Bxe7 Nxe7 20. exf5 Nxf5 21.
Nde4 Ra6 22. d6 Qd7 23. Nc5 Qc6 24. Nxa6 bxa6 25. Ne2 cxd6 26. Rac1 Qd5 27. Nc3
Qb7 28. Qe2 Nd4 29. Qc4+ Kh8 30. Nd5 Nf3+ 31. Kg2 Nd2 32. Qc6 Qf7 33. Qxd6 Qf3+
34. Kh2 Qe2 35. Kg2 Qe4+ 36. f3 Nxf3 37. Rxf3 Qxf3+ 38. Kh2 Qf2+ 39. Kh1 Qf3+
40. Kh2 Qf2+ 41. Kh1 Qxg3 42. Qe6 Rf2 0-1

[Event "2BLS 1920 SV 1920 Hofheim - SF Neuberg"]
[Site "?"]
[Date "2021.08.07"]
[Round "9.6"]
[White "Brendel, Oliver"]
[Black "Lutz, Klaus-Juergen"]
[Result "1-0"]
[WhiteElo "2340"]
[BlackElo "2239"]
[PlyCount "109"]
[EventDate "2021.??.??"]

1. c4 e5 2. g3 c6 3. d4 e4 4. Nc3 d5 5. Nh3 Nf6 6. cxd5 cxd5 7. Bg5 Nc6 8. Nf4
Be7 9. Bg2 O-O 10. O-O Bf5 11. Bxf6 Bxf6 12. e3 Be6 13. f3 exf3 14. Qxf3 Ne7
15. h4 Nc6 16. Nfxd5 Bxd5 17. Nxd5 Be7 18. Rad1 Bd6 19. Kh1 Ne7 20. Nxe7+ Qxe7
21. e4 f6 22. Rc1 Rad8 23. Rc4 Qe6 24. b3 Bb8 25. a4 a6 26. Rd1 b5 27. axb5
axb5 28. Rc5 Qb6 29. Qd3 Be5 30. Rxb5 Qxd4 31. Qxd4 Rxd4 32. Rxd4 Bxd4 33. Bf1
Re8 34. Bc4+ Kf8 35. Bd5 Be5 36. g4 g6 37. Kg2 h5 38. gxh5 gxh5 39. Rb7 Re7 40.
Rxe7 Kxe7 41. b4 Kd6 42. Bf7 Bc3 43. b5 Kc5 44. Be8 Be1 45. Kh3 Bf2 46. Bxh5
Kxb5 47. Bd1 Kc5 48. h5 f5 49. exf5 Kd6 50. h6 Bd4 51. Kg4 Ke7 52. Kg5 Kf8 53.
Bb3 Bh8 54. Kg6 Ke7 55. Kh7 1-0

[Event "2BLS 1920 SV 1920 Hofheim - SF Neuberg"]
[Site "?"]
[Date "2021.08.07"]
[Round "9.7"]
[White "Bethke, Richard"]
[Black "Burkart, Patrick"]
[Result "1-0"]
[WhiteElo "2337"]
[BlackElo "2322"]
[PlyCount "81"]
[EventDate "2021.??.??"]

1. e4 Nf6 2. e5 Nd5 3. c4 Nb6 4. d4 d6 5. exd6 exd6 6. Bd3 Nc6 7. Ne2 Qf6 8.
Nbc3 Bf5 9. Ne4 Bxe4 10. Bxe4 g6 11. b3 Bg7 12. O-O O-O 13. Be3 Rfe8 14. Bf3 h6
15. Qd2 Kh7 16. Rac1 Rad8 17. a4 Qf5 18. Nc3 Qa5 19. Rfd1 Qb4 20. Qc2 Rd7 21.
Nb5 Qa5 22. Bd2 Qa6 23. a5 Nc8 24. b4 d5 25. Nxc7 Rxc7 26. cxd5 Bxd4 27. dxc6
bxc6 28. Qb3 Nd6 29. Bf4 Be5 30. Bxe5 Rxe5 31. Rxd6 Rce7 32. h4 Qb5 33. Rdxc6
Qb8 34. g3 Rxa5 35. Rc8 Qb6 36. R1c6 Ra1+ 37. Rc1 Re1+ 38. Kg2 Qf6 39. Rxa1
Rxa1 40. Rc7 Kg7 41. Bd5 1-0

[Event "2BLS 1920 SV 1920 Hofheim - SF Neuberg"]
[Site "?"]
[Date "2021.08.07"]
[Round "9.8"]
[White "Tischendorf, Michael"]
[Black "Bethke, Robert"]
[Result "1/2-1/2"]
[WhiteElo "2158"]
[BlackElo "2100"]
[PlyCount "44"]
[EventDate "2021.??.??"]

1. d4 d5 2. Nc3 Nf6 3. Bf4 c6 4. e3 Bf5 5. f3 e6 6. g4 Bg6 7. h4 h6 8. Bd3 Bxd3
9. Qxd3 Bd6 10. Nge2 Bxf4 11. Nxf4 Qc7 12. O-O-O e5 13. g5 exf4 14. gxf6 g6 15.
e4 Nd7 16. exd5 Nxf6 17. Rde1+ Kf8 18. dxc6 bxc6 19. Qc4 Qd6 20. Ne4 Nxe4 21.
Rxe4 Kg7 22. Rhe1 Rhd8 1/2-1/2

[Event "2BLS 1920 SC Heusenstamm - SV Worms 187"]
[Site "?"]
[Date "2021.08.07"]
[Round "9.1"]
[White "Karsay, Pascal"]
[Black "Michalik, Peter"]
[Result "1-0"]
[WhiteElo "2265"]
[BlackElo "2592"]
[PlyCount "83"]
[EventDate "2021.??.??"]

1. Nf3 d5 2. e3 Nf6 3. c4 e6 4. Nc3 Be7 5. b3 dxc4 6. bxc4 b6 7. g3 Bb7 8. Bg2
O-O 9. O-O c5 10. d3 Nc6 11. Qe2 Rc8 12. Bb2 Rc7 13. Rad1 Qa8 14. Ne1 a6 15. f4
Na7 16. g4 b5 17. g5 Ne8 18. Qh5 f5 19. e4 Nd6 20. g6 h6 21. Ne2 fxe4 22. Qe5
Rf6 23. dxe4 Nc6 24. Qh5 e5 25. Nd3 Nxc4 26. Bc1 Nd4 27. Ng3 exf4 28. Bxf4 Rcc6
29. Nf5 Bf8 30. Nh4 Qe8 31. Kh1 Rxg6 32. Nxg6 Rxg6 33. Bg3 Ne3 34. Rxf8+ Qxf8
35. Qxg6 Nxd1 36. Be5 c4 37. Bxd4 cxd3 38. Kg1 d2 39. Bh3 Qe7 40. Be6+ Kf8 41.
Qf5+ Ke8 42. Qh5+ 1-0

[Event "2BLS 1920 SC Heusenstamm - SV Worms 187"]
[Site "?"]
[Date "2021.08.07"]
[Round "9.2"]
[White "Krejci, Jan"]
[Black "Helbig, Daniel"]
[Result "1-0"]
[WhiteElo "2542"]
[BlackElo "2222"]
[PlyCount "87"]
[EventDate "2021.??.??"]

1. Nf3 d6 2. d4 Nf6 3. c4 Nbd7 4. Nc3 e5 5. Bg5 Be7 6. Qc2 c6 7. e3 Ng8 8. Bxe7
Qxe7 9. Bd3 Ngf6 10. O-O-O O-O 11. h3 Re8 12. Nd2 b5 13. g4 bxc4 14. Nxc4 e4
15. Be2 Nb6 16. Na5 Be6 17. Kb1 Rec8 18. Ba6 Rc7 19. a3 Rb8 20. Rc1 Nbd5 21.
Nxd5 Bxd5 22. Qa4 c5 23. dxc5 dxc5 24. Rc2 Nd7 25. Rd1 Qe5 26. Bc4 Nb6 27. Qb3
Bxc4 28. Nxc4 Qh2 29. Nxb6 axb6 30. Qxb6 Rcc8 31. Qd6 Qxh3 32. Qf4 h5 33. Qxe4
Re8 34. Qf4 Rb7 35. Rxc5 hxg4 36. Rg1 g3 37. Qxg3 Qh7+ 38. Ka1 Rd8 39. Rh5 Rd1+
40. Rxd1 Qxh5 41. Qd6 Rb5 42. Qd4 Rf5 43. Rg1 g6 44. Rc1 1-0

[Event "2BLS 1920 SC Heusenstamm - SV Worms 187"]
[Site "?"]
[Date "2021.08.07"]
[Round "9.3"]
[White "Feldmann, Johannes"]
[Black "Sadzikowski, Daniel"]
[Result "1/2-1/2"]
[WhiteElo "2216"]
[BlackElo "2529"]
[PlyCount "42"]
[EventDate "2021.??.??"]

1. c4 e5 2. Nc3 Nf6 3. Nf3 Nc6 4. g3 d5 5. cxd5 Nxd5 6. Bg2 Nb6 7. O-O Be7 8.
a3 O-O 9. b4 Be6 10. Rb1 f6 11. b5 Nd4 12. e3 Nxf3+ 13. Bxf3 Rb8 14. d4 exd4
15. exd4 Qd7 16. Re1 Rfe8 17. a4 Bf7 18. a5 Nd5 19. Nxd5 Bxd5 20. Bf4 Rbc8 21.
h4 b6 {(=)} 1/2-1/2

[Event "2BLS 1920 SC Heusenstamm - SV Worms 187"]
[Site "?"]
[Date "2021.08.07"]
[Round "9.4"]
[White "Polak, Tomas"]
[Black "Nazarenus, Olaf"]
[Result "1-0"]
[WhiteElo "2551"]
[BlackElo "2053"]
[PlyCount "73"]
[EventDate "2021.??.??"]

1. d4 d5 2. c4 Bf5 3. cxd5 Bxb1 4. Qa4+ c6 5. Rxb1 Qxd5 6. Nf3 Nf6 7. e3 Nbd7
8. a3 e6 9. Qc2 Be7 10. Bc4 Qh5 11. O-O O-O 12. b4 Rac8 13. Be2 Qg6 14. Bd3 Qh5
15. e4 Rfd8 16. h3 e5 17. Be2 exd4 18. Ng5 d3 19. Qxd3 Qg6 20. f4 Ne8 21. Nf3
Nc5 22. Qe3 Nd7 23. Bb2 c5 24. Kh2 cxb4 25. axb4 Qb6 26. Bd4 Qh6 27. Ba1 Nd6
28. e5 Ne4 29. Qxe4 Nb6 30. Bd3 Qg6 31. f5 Qc6 32. Qe2 Qd5 33. Be4 Qd7 34. f6
gxf6 35. exf6 Bd6+ 36. Kh1 Bf4 37. Nd4 1-0

[Event "2BLS 1920 SC Heusenstamm - SV Worms 187"]
[Site "?"]
[Date "2021.08.07"]
[Round "9.5"]
[White "Steinkohl, Thomas"]
[Black "Wieczorek, Oskar"]
[Result "0-1"]
[WhiteElo "2194"]
[BlackElo "2498"]
[PlyCount "48"]
[EventDate "2021.??.??"]

1. e4 c5 2. Nc3 e6 3. Nf3 Nc6 4. d4 cxd4 5. Nxd4 Qc7 6. Ndb5 Qb8 7. Bc4 a6 8.
Nd4 b5 9. Bb3 Nf6 10. Bg5 Bb7 11. Nxc6 Bxc6 12. Bxf6 gxf6 13. Qh5 b4 14. Nd5
exd5 15. exd5 Bb5 16. O-O-O Qf4+ 17. Kb1 Bd6 18. g3 Qxf2 19. Rhe1+ Kd8 20. Qxf7
a5 21. Re4 Qf5 22. Re6 Rf8 23. Qg7 Kc7 24. g4 Qg6 0-1

[Event "2BLS 1920 SC Heusenstamm - SV Worms 187"]
[Site "?"]
[Date "2021.08.07"]
[Round "9.6"]
[White "Poetsch, Hagen"]
[Black "Ollenberger, Roland"]
[Result "1-0"]
[WhiteElo "2525"]
[BlackElo "2232"]
[PlyCount "51"]
[EventDate "2021.??.??"]

1. e4 e5 2. Nf3 Nc6 3. Bc4 Nf6 4. Ng5 d5 5. exd5 Na5 6. Bb5+ Bd7 7. Qe2 Be7 8.
Bd3 O-O 9. O-O h6 10. Nf3 Bg4 11. Nc3 Nxd5 12. Qxe5 Nb4 13. Qxa5 Nxd3 14. cxd3
Bxf3 15. gxf3 Bd6 16. Qh5 Qd7 17. d4 f5 18. f4 Bxf4 19. d3 Bd6 20. f4 Rae8 21.
Qf3 c6 22. Bd2 Re6 23. Rae1 Rg6+ 24. Kh1 Be7 25. d5 Rd6 26. Be3 1-0

[Event "2BLS 1920 SC Heusenstamm - SV Worms 187"]
[Site "?"]
[Date "2021.08.07"]
[Round "9.7"]
[White "Schluchter, Steffen"]
[Black "Barski, Radoslaw"]
[Result "0-1"]
[WhiteElo "2107"]
[BlackElo "2441"]
[PlyCount "86"]
[EventDate "2021.??.??"]

1. c4 e6 2. Nc3 d5 3. Nf3 d4 4. Nb5 c5 5. g3 Nc6 6. Bg2 a6 7. Na3 Bd6 8. d3
Nge7 9. O-O O-O 10. Nc2 e5 11. a3 b5 12. b4 Rb8 13. cxb5 axb5 14. bxc5 Bxc5 15.
Bd2 Nd5 16. Nb4 Ncxb4 17. axb4 Bxb4 18. Bxb4 Nxb4 19. Nxe5 Qd6 20. f4 Nd5 21.
Qd2 Ne3 22. Rfb1 Nxg2 23. Kxg2 Bb7+ 24. Kf2 Qd5 25. Nf3 Qh5 26. Nh4 Rfe8 27.
Rb4 Rbd8 28. Qb2 Bc6 29. Re1 h6 30. Rxd4 Qc5 31. e3 Rxd4 32. exd4 Qd5 33. Rxe8+
Bxe8 34. Nf3 Bc6 35. Qe2 b4 36. Ne5 b3 37. Ke3 Bb5 38. Qb2 f6 39. Nf3 Bc6 40.
Nd2 Qe6+ 41. Kf2 Bd5 42. Ne4 Qa6 43. Nc3 Qxd3 0-1

[Event "2BLS 1920 OSG Baden-Baden II - SV 1947 "]
[Site "?"]
[Date "2021.08.08"]
[Round "10.1"]
[White "Gschnitzer, Adrian"]
[Black "Dann, Matthias"]
[Result "0-1"]
[WhiteElo "2420"]
[BlackElo "2500"]
[PlyCount "80"]
[EventDate "2021.??.??"]

1. d4 Nf6 2. c4 e6 3. Nc3 Bb4 4. f3 d5 5. a3 Bxc3+ 6. bxc3 c5 7. cxd5 Nxd5 8.
dxc5 Qa5 9. e4 Nf6 10. Be3 O-O 11. Qb3 Nc6 12. Bb5 e5 13. Ne2 Qc7 14. O-O Be6
15. Qa4 Na5 16. Rab1 a6 17. Bd3 Nd7 18. Qb4 Rfc8 19. Nd4 Nxc5 20. Nxe6 Nxe6 21.
Rfc1 b5 22. a4 Nc4 23. Bxc4 bxc4 24. Rd1 Rab8 25. Bb6 Qc6 26. Rd6 Qe8 27. Rbd1
Nf4 28. a5 Nd3 29. Qa3 Rc6 30. Ra1 h5 31. Kf1 h4 32. Ra2 Rbc8 33. g3 Rxd6 34.
Qxd6 Qb5 35. Kg2 Qb1 36. Rd2 Qe1 37. Rxd3 Qe2+ 38. Kh3 cxd3 39. Qd7 Rf8 40. Bc5
d2 0-1

[Event "2BLS 1920 OSG Baden-Baden II - SV 1947 "]
[Site "?"]
[Date "2021.08.08"]
[Round "10.2"]
[White "Bellahcene, Bilel"]
[Black "Gschnitzer, Oswald"]
[Result "1-0"]
[WhiteElo "2502"]
[BlackElo "2373"]
[PlyCount "75"]
[EventDate "2021.??.??"]

1. e4 c5 2. Nf3 Nc6 3. Nc3 Nf6 4. d4 cxd4 5. Nxd4 d6 6. Bg5 e6 7. Qd2 Be7 8.
O-O-O O-O 9. f4 Nxd4 10. Qxd4 h6 11. h4 hxg5 12. hxg5 Ng4 13. Qd2 e5 14. g3 g6
15. Rh4 Kg7 16. Be2 Rh8 17. Rxg4 Bxg4 18. Bxg4 exf4 19. gxf4 Rh4 20. Nd5 Kg8
21. Rg1 Qf8 22. f5 Re8 23. Kb1 Bd8 24. Bf3 Re5 25. f6 Qe8 26. Qf2 Rexe4 27.
Bxe4 Qxe4 28. Nc3 Qd4 29. Qe1 Kf8 30. a3 Rh5 31. Rg2 Qh4 32. Qd2 Kg8 33. Qxd6
Qe1+ 34. Ka2 Qe6+ 35. Qxe6 fxe6 36. Ne4 Rh4 37. Nc5 Kf7 38. Rd2 1-0

[Event "2BLS 1920 OSG Baden-Baden II - SV 1947 "]
[Site "?"]
[Date "2021.08.08"]
[Round "10.3"]
[White "Faerber, David"]
[Black "Martin, Julian"]
[Result "0-1"]
[WhiteElo "2319"]
[BlackElo "2387"]
[PlyCount "78"]
[EventDate "2021.??.??"]

1. e4 c5 2. Nf3 d6 3. d4 cxd4 4. Nxd4 Nf6 5. Nc3 a6 6. Bg5 Nbd7 7. Qe2 e6 8. f4
Qc7 9. O-O-O b5 10. a3 Bb7 11. g4 Be7 12. Bh4 h6 13. Bg2 Qc4 14. Qxc4 bxc4 15.
h3 Nc5 16. Rhe1 Rc8 17. f5 e5 18. Bxf6 Bxf6 19. Nf3 Be7 20. Bf1 Nd7 21. f6 Nxf6
22. Nd2 d5 23. exd5 Nxd5 24. Nxd5 Bxd5 25. Rxe5 Be6 26. Rxe6 fxe6 27. Nxc4 O-O
28. Bd3 Rf3 29. Re1 Rxh3 30. Rxe6 Rh1+ 31. Kd2 Bf6 32. b4 Rg1 33. Re4 g6 34.
Re6 Kg7 35. Nd6 Bc3+ 36. Ke2 Re1+ 37. Kf2 Rf8+ 38. Nf5+ gxf5 39. Rxe1 fxg4+ 0-1